Prezidentské voľby 2009 v médiách

Bibliographic Details
Main Authors: Dudášová, Lucia (Author), Kyčina, Matúš (Author), Pernišová, Valéria (Author)
Format: Book
Language:Slovak
PhysicalDescription:109 s. fotogr., grafy 24 cm
Published: Bratislava Slovakia Online 2009
ISBN:9788097017293
Edition:1. vyd.
Subjects:

MARC

LEADER 00000cam a2200000 a 4500
001 vtls009846560
003 SK-MaSNL
005 20260512040415.0
008 240315s2009 xo od g 000 0 slo
015 |a SNBA2009/09-04595 
020 |a 9788097017293  |q (brož.) 
035 |a (SVKBBclas03)vtls000313037 
035 |a urn:nbn:sk:snk-aml0y4 
035 |a urn:nbn:sk:snk-am008o3b 
035 |a 950E6F87-2957-4D2E-BA13-0896629F56BC 
040 |a SNK  |b slo  |c SNK  |e AACR2 
041 0 |a slo 
043 |a e-xo--- 
044 |a xo  |c SK 
072 7 |a 342  |x Ústavné právo. Správne právo  |2 konspekt 
072 7 |a 324  |x Voľby, volebné kampane, referendá  |2 konspekt 
080 |a 342.511.1  |2 2001 
080 |a 316.774  |2 2001 
080 |a (437.6)  |2 2001 
080 |a (048.8)  |2 2001 
100 1 |a Dudášová, Lucia  |4 aut  |9 540087 
245 1 0 |a Prezidentské voľby 2009 v médiách  |c Lucia Dudášová, Matúš Kyčina, Valéria Pernišová a kolektív spoločnosti Slovakia Online 
250 |a 1. vyd. 
260 |a Bratislava  |b Slovakia Online  |c 2009 
300 |a 109 s.  |b fotogr., grafy  |c 24 cm 
648 7 |a 2009  |2 SNKPH  |9 320114 
650 0 7 |a prezidentské voľby  |2 SNKPH  |9 4489 
650 0 7 |a prezidentskí kandidáti  |2 SVKBBPH  |9 83609 
650 0 7 |a médiá  |2 SNKPH  |9 1424 
650 0 7 |a Presidential elections  |2 SNKPHeng  |9 324381 
650 0 7 |a Presidential candidates  |2 SNKPHeng  |9 337849 
650 0 7 |a médiá  |2 SNKPHeng  |9 1424 
650 0 7 |a elektronické médiá  |2 SNKPH  |9 2659 
650 0 7 |a Electronic media  |2 SNKPHeng  |9 327194 
651 7 |a Slovensko  |2 SNKPH  |9 14231 
651 7 |a Slovakia  |2 SNKPHeng  |9 92630 
655 7 |a prehľady  |2 SNKPH  |9 70194 
655 7 |a Surveys  |2 SNKPHeng  |9 266058 
700 1 |a Kyčina, Matúš  |4 aut  |9 124248 
700 1 |a Pernišová, Valéria  |4 aut  |9 540088 
919 |a 978-80-970172-9-3 
958 |a OND 
968 |d 32 
999 |c 831526  |d 833456 
952 |a SNK  |b SNK  |y PREZ  |7 0  |p 17A0628110  |o snkSC 136811  |i snk2009/14416  |8 0  |0 0  |1 0  |4 0  |d 2009-08-07  |f 1  |l 0  |r 2025-07-02 00:00:00  |w 2026-02-24 
952 |a SNK  |b SNK  |y VYP  |7 0  |p 17A0628111  |o snkSC 136811 D1  |i snk2009/14417  |8 0  |0 0  |1 0  |4 0  |d 2009-08-07  |l 0  |r 2026-02-24 03:40:49  |w 2026-02-24